Normal view MARC view
  • Warsi, Z.U.A.

Entry Personal Name

Number of records used in: 3

001 - CONTROL NUMBER

  • control field: 8801

003 - CONTROL NUMBER IDENTIFIER

  • control field: NUST

005 - DATE AND TIME OF LATEST TRANSACTION

  • control field: 20180118140920.0

008 - FIXED-LENGTH DATA ELEMENTS

  • fixed length control field: 180118|| aca||aabn | a|a d

040 ## - CATALOGING SOURCE

  • Original cataloging agency: NUST
  • Transcribing agency: NUST

100 ## - HEADING--PERSONAL NAME

  • Personal name: Warsi, Z.U.A.

670 ## - SOURCE DATA FOUND

  • Source citation: Work cat.: (NUST)29469: Warsi, Z.U.A., Fluid dynamics :, 2005.
© 2023 Central Library, National University of Sciences and Technology. All Rights Reserved.